01007nam a2200217 u 450000100100000000500170001000800410002702000150006804000250008308200170010810000370012524501020016226001310026430000400039549000550043550000730049050400320056383000620059595201150065799900170077200002030620200929170346.0100813s2000 sp ad 000 0 spa d a8400078659 aDO-SdBNPbspacBNPHU a331.88bS4871 aerrano del Rosal, Rafael.94294610aTransformación y cambio del sindicalismo español contemporáneo /cRafael Serrano del Rosal. aMadrid :bConsejo Superior de Investigaciones Científicas :bInstituto de Estudios Sociales Avanzados de Andalucía,c2000. a244 p. :bil., gráficos ;c24 cm.1 aPoliteya.aEstudios de política y sociedad ;v12 aIncluye referencias bibliográficas y notas al pie de las páginas aBibliografía : p. 223-234 0aPoliteya.pEstudios de política y sociedad ;n12942947 001050718MOaGRbGRcCTd2017-05-08iLF1l0o331.88 S487p20306-10r2020-06-25w2020-06-25y1ZNo se presta c19810d19810